Tesná brána

Bibliographic Details
Main Author: Strauss, Pavol, 1912-1994 (Author)
Format: Book
Language:Slovak
PhysicalDescription:80 strán 21 cm
Published: Trnava Spolok svätého Vojtecha 1992
ISBN:8085198819
Edition:1. vyd.
Series:Logos
Subjects:

MARC

LEADER 00000cam a2200000 a 4500
001 vtls001069679
003 SK-MaSNL
005 20260301044520.0
008 240226s1992 xo gr 000 e slo
015 |a SNBA1992 
020 |a 8085198819  |q (brožované) 
035 |a SNK000012509 
035 |a E70847C1-8D07-4437-A964-42719E6C5449 
035 |a urn:nbn:sk:snk-am00ietj 
040 |a SNK  |b slo  |c SNK  |e AACR2 
041 0 |a slo 
044 |a xo  |c SK 
072 7 |a 821.162.4-3  |x Slovenská próza  |2 konspekt 
080 |a 821.162.4-3  |2 2011 
080 |a 821.162.4-4  |2 2011 
080 |a (0:82-322.2)  |2 2011 
100 1 |a Strauss, Pavol,  |d 1912-1994  |4 aut  |9 93225 
245 1 0 |a Tesná brána  |c Pavol Strauss 
250 |a 1. vyd. 
260 |a Trnava  |b Spolok svätého Vojtecha  |c 1992 
300 |a 80 strán  |c 21 cm 
490 1 |a Logos  |v zv. 3 
500 |a Rozložený titulný list. Ilustrácie na titulnom liste 
655 7 |a slovenské eseje  |2 SNKPH  |9 70621 
655 7 |a slovenské prózy  |2 SNKPH  |9 70229 
655 7 |a náboženské prózy  |2 SNKPH  |9 79486 
830 0 |a Logos  |9 282090 
852 |a Slovenská národná knižnica 
919 |a 80-85198-81-9 
954 |a beletria pôvodná (slovenská)  |2 lita 
954 |a duchovná literatúra pôvodná (slovenská)  |2 lita 
958 |a RK 
958 |a TL 
958 |a LX 
958 |a OND 
958 |a NT 
958 |a EUIPO 
999 |c 596165  |d 598095 
952 |t P60, <04>, [BOOK], {604}  |a SNK  |b SNK  |y VYP  |7 0  |p 17A0304562  |o snkSC 82438 D1  |i snkKSP 7807/92  |0 0  |1 0  |4 0  |d 2001-06-16  |l 0  |r 2004-12-31 00:00:00  |w 2026-02-23 
952 |a SNK  |b SNK  |y PREZ  |7 0  |p 17A0949394  |o snkSC 82438  |i snkKSP 7806/92  |0 0  |1 0  |4 0  |d 2012-08-14  |f 1  |l 0  |r 2025-08-19 00:00:00  |w 2026-02-23